00763cam a2200241 i 45000010008000000030005000080050017000130080041000300100017000710200015000880400018001030500024001210820012001451000027001572450048001842600035002323000024002676550025002919060045003169420017003619990019003789520124003972282480PILC20150905094332.0800305s1979 nyu 000 1 eng  a 79051351  a0380769840 aDLCcDLCdDLC00aPS 3573b.W891 197900a813/.541 aWoodiwiss, Kathleen E.10aAshes in the wind /cKathleen E. Woodiwiss. aNew York :bAvon Books,c1979. a665 pages ;c21 cm. 7aLove stories.2gsafd a7bcbccorignewd2eocipf19gy-gencatlg 2lcccBKkFOR c284707d284707 00102lcc40aCLbCLcFICd2015-06-04eLibrary Fundl0oPS 3573 .W891 1979pC19550r2018-05-08 00:00:00w2015-06-04yBK